|
|
|
|
| LEADER |
00743nam a22002292a 4500 |
| 001 |
000912765 |
| 003 |
CZ BrMZK |
| 005 |
20100527091755.0 |
| 007 |
ta |
| 008 |
080918s1983 xo er|||||||||||slo d |
| 040 |
|
|
|a BOA001
|b cze
|
| 041 |
1 |
|
|a slo
|h eng
|
| 080 |
9 |
|
|a 820-22=854
|
| 100 |
1 |
|
|a Coward, Noel,
|d 1899-1973
|7 xx0001677
|4 aut
|
| 245 |
1 |
0 |
|a Súkromie :
|b intímna komédia /
|c Noël Coward ; z anglíckeho originálu ... preložila Helena Sumbalová
|
| 260 |
|
|
|a Bratislava :
|b Slovenská literárna agentúra,
|c 1983
|
| 300 |
|
|
|a 77 s.
|
| 765 |
0 |
|
|t Private lives
|9 Slovensky
|
| 910 |
|
|
|a BOA001
|b 4-0864.879
|
| 990 |
|
|
|a BK
|
| 991 |
|
|
|b 200809
|
| 996 |
7 |
|
|b 2618760839
|c 4-0864.879
|l MZK
|r Sklad / do 1 hodiny
|n 0
|w 000912765
|u 000010
|a 1
|e BOA001
|j MZK50
|s A
|